| 000 | 00493nam a2200205Ia 4500 | ||
|---|---|---|---|
| 008 | 170918s9999 xx 000 0 und d | ||
| 020 | _a9780439867849 | ||
| 050 | _bR684 2004 | ||
| 100 | _aRockwell, Lizzy | ||
| 245 | 4 | _aThe busy body book : | |
| 245 | _ba kid's guide to fitness / | ||
| 245 | _cLizzy Rockwell. | ||
| 260 | _aNew York : | ||
| 260 | _bScholastic, | ||
| 260 | _c2004 | ||
| 300 | _aunpaged : | ||
| 300 | _bcolored illustration ; | ||
| 300 | _c28cm. | ||
| 500 | _a680 | ||
| 999 |
_c341781 _d341781 |
||